[Event "United Insurance 7th"]
[Site "Dhaka"]
[Date "2004.05.13"]
[Round "10"]
[White "Dutta, Sayantan"]
[Black "Abdul, Maleq"]
[Result "1-0"]
[WhiteElo "2316"]
[BlackElo "2243"]
[PlyCount "125"]
[EventDate "2004.05.07"]
[EventType "swiss"]
[EventRounds "11"]
[EventCountry "BAN"]
[SourceTitle "CBM 100 Extra"]
[Source "ChessBase"]
[SourceDate "2004.07.06"]
[SourceVersion "2"]
[SourceVersionDate "2004.07.06"]
[SourceQuality "1"]

1. e4 g6 2. d4 Bg7 3. Nc3 d6 4. Be3 Nc6 5. Qd2 e5 6. Nge2 exd4 7. Nxd4 Nxd4 8. Bxd4 Bxd4 9. Qxd4 Qf6 10. Qe3 Ne7 11. 0-0-0 a6 12. Nd5 Nxd5 13. exd5+ Kf8 14. Qh6+ Qg7 15. Qh4 Bf5 16. Bd3 Bxd3 17. Rxd3 Re8 18. Rc3 f6 19. a4 Re7 20. Qb4 b6 21. a5 b5 22. Rc6 Qf7 23. Rd1 Kg7 24. Rxa6 Rb8 25. Rc6 f5 26. a6 h5 27. Qd4+ Kh6 28. Qd2+ Kh7 29. Qa5 Kh6 30. a7 Ra8 31. Qa6 Qe8 32. Qb7 Re1 33. b3 Re7 34. Rxc7 Rxc7 35. Qxc7 Qe5 36. Qb6 Qe7 37. Qe3+ Qxe3+ 38. fxe3 Rxa7 39. Kb2 Re7 40. Rd3 Re4 41. Kc3 Kg5 42. Kd2 f4 43. exf4+ Kxf4 44. Rg3 Rd4+ 45. Kc3 Ke4 46. Rxg6 b4+ 47. Kb2 Rxd5 48. Rg8 Ke3 49. g4 h4 50. Rh8 Rc5 51. Kc1 Ra5 52. Rxh4 Ra1+ 53. Kb2 Rg1 54. g5 Rxg5 55. Rxb4 Rh5 56. h4 d5 57. Rg4 d4 58. b4 Rd5 59. Rg5 Rd8 60. h5 Rc8 61. h6 Kd2 62. Rg2+ Kd1 63. h7 1-0

[Event "United Insurance 7th"]
[Site "Dhaka"]
[Date "2004.05.10"]
[Round "5"]
[White "Saptarshi, Roy Chowdhury"]
[Black "Dutta, Sayantan"]
[Result "1-0"]
[WhiteElo "2356"]
[BlackElo "2316"]
[PlyCount "79"]
[EventDate "2004.05.07"]
[EventType "swiss"]
[EventRounds "11"]
[EventCountry "BAN"]
[SourceTitle "CBM 100 Extra"]
[Source "ChessBase"]
[SourceDate "2004.07.06"]
[SourceVersion "2"]
[SourceVersionDate "2004.07.06"]
[SourceQuality "1"]

1. e4 e6 2. d4 d5 3. Nc3 Nf6 4. Bg5 Be7 5. Bxf6 Bxf6 6. Nf3 b6 7. Bd3 Bb7 8. Qe2 dxe4 9. Nxe4 Nd7 10. 0-0-0 Qe7 11. g4 g6 12. h4 h5 13. Ba6 0-0-0 14. g5 Bg7 15. Rhe1 Nb8 16. Bxb7+ Kxb7 17. Qc4 Nc6 18. Nc5+ bxc5 19. Qb5+ Kc8 20. Qxc6 cxd4 21. Qa8+ Kd7 22. Qxa7 Ke8 23. Nxd4 Bxd4 24. Rxd4 Kf8 25. Rxd8+ Qxd8 26. Rd1 Qe7 27. Qd4 Rh7 28. Qd8+ Qxd8 29. Rxd8+ Ke7 30. Rc8 Kd6 31. Rg8 Ke5 32. b4 f5 33. Rxg6 Kf4 34. b5 e5 35. Rf6 Kg4 36. g6 Rg7 37. a4 Kxh4 38. a5 Kg5 39. Rf8 Rxg6 40. a6 1-0

[Event "United Insurance 7th"]
[Site "Dhaka"]
[Date "2004.05.09"]
[Round "3"]
[White "Abu Sufian, Sakil"]
[Black "Dutta, Sayantan"]
[Result "1/2-1/2"]
[WhiteElo "2325"]
[BlackElo "2316"]
[PlyCount "111"]
[EventDate "2004.05.07"]
[EventType "swiss"]
[EventRounds "11"]
[EventCountry "BAN"]
[SourceTitle "CBM 100 Extra"]
[Source "ChessBase"]
[SourceDate "2004.07.06"]
[SourceVersion "2"]
[SourceVersionDate "2004.07.06"]
[SourceQuality "1"]

1. e4 e6 2. d4 d5 3. Nc3 Nf6 4. e5 Nfd7 5. f4 c5 6. Nf3 Nc6 7. Be3 a6 8. Qd2 b5 9. a3 Bb7 10. Bd3 cxd4 11. Nxd4 Nxd4 12. Bxd4 Bc5 13. Ne2 Qh4+ 14. g3 Qe7 15. 0-0 0-0 16. Rae1 f5 17. exf6 Nxf6 18. Qe3 Bxd4 19. Nxd4 Ne4 20. Nf3 Rac8 21. c3 h6 22. Nd2 Nxd2 23. Qxd2 Qc5+ 24. Qe3 Qxe3+ 25. Rxe3 Rc6 26. Rd1 Bc8 27. Be2 Bd7 28. Re5 Rb8 29. Bf3 Rd6 30. Kf2 a5 31. Ke3 Rc8 32. Rd4 Kf8 33. g4 g6 34. h4 Rb6 35. f5 exf5 36. Rexd5 Be6 37. Rd6 Rxd6 38. Rxd6 Kf7 39. Rb6 Rc5 40. gxf5 gxf5 41. Be2 Re5+ 42. Kf2 Bc4 43. Bxc4+ bxc4 44. a4 h5 45. Kf3 Re4 46. Rb5 Kf6 47. Rxa5 Rxh4 48. Rb5 Rh1 49. Rb4 Rb1 50. a5 Kg5 51. Rxc4 Rxb2 52. Ra4 Rb3 53. a6 Rxc3+ 54. Kf2 Rc8 55. a7 Ra8 56. Kg3 1/2-1/2

[Event "Wch U20 41st"]
[Site "Goa"]
[Date "2002.12.13"]
[Round "7"]
[White "Gopal, Geetha Narayanan"]
[Black "Dutta, Sayantan"]
[Result "0-1"]
[WhiteElo "2174"]
[BlackElo "2275"]
[PlyCount "46"]
[EventDate "2002.12.09"]
[EventType "swiss"]
[EventRounds "13"]
[EventCountry "IND"]
[SourceTitle "CBM 091 Extra"]
[Source "ChessBase"]
[SourceDate "2003.01.09"]
[SourceVersion "1"]
[SourceVersionDate "2003.01.09"]
[SourceQuality "1"]

1. e4 e6 2. d3 c5 3. Nf3 d5 4. Nbd2 Nc6 5. g3 g6 6. Bg2 Bg7 7. 0-0 Nge7 8. Re1 0-0 9. e5 f6 10. exf6 Bxf6 11. h4 Bg7 12. c3 Qd6 13. h5 gxh5 14. Nh4 Ne5 15. Nb3 Ng4 16. Nf3 e5 17. Nbd2 Ng6 18. c4 e4 19. dxe4 Nxf2 20. Kxf2 Bd4+ 21. Kf1 Qxg3 22. Re2 Bh3 23. Qb3 Nh4 0-1

[Event "Wch U20 41st"]
[Site "Goa"]
[Date "2002.12.12"]
[Round "5"]
[White "Jirka, Jiri"]
[Black "Dutta, Sayantan"]
[Result "1-0"]
[WhiteElo "2378"]
[BlackElo "2275"]
[PlyCount "111"]
[EventDate "2002.12.09"]
[EventType "swiss"]
[EventRounds "13"]
[EventCountry "IND"]
[SourceTitle "CBM 091 Extra"]
[Source "ChessBase"]
[SourceDate "2003.01.09"]
[SourceVersion "1"]
[SourceVersionDate "2003.01.09"]
[SourceQuality "1"]

1. d4 Nf6 2. c4 g6 3. g3 Bg7 4. Bg2 d5 5. cxd5 Nxd5 6. e4 Nb6 7. Ne2 c5 8. d5 e6 9. 0-0 0-0 10. Nec3 exd5 11. exd5 Bf5 12. g4 Bd7 13. Nd2 Na6 14. Nde4 Nc4 15. h3 f5 16. Ng5 Nxb2 17. Qb3 Nd3 18. Bd2 Qb6 19. Ne6 fxg4 20. Nxf8 Rxf8 21. hxg4 Bd4 22. Ne4 Qxb3 23. axb3 Bxa1 24. Rxa1 Bxg4 25. Bc3 Nf4 26. Nf6+ Rxf6 27. Bxf6 Nxg2 28. Kxg2 Kf7 29. Bg5 h6 30. Bxh6 Ke7 31. Bf4 Kd7 32. Kg3 Bf5 33. Rh1 g5 34. Bxg5 Nb4 35. Be3 b6 36. Rh5 Bc2 37. Bf4 a5 38. d6 Nc6 39. Rg5 Bxb3 40. Rg7+ Ke6 41. Rc7 Ba4 42. d7 Nd8 43. Bg5 Bxd7 44. Bxd8 a4 45. f4 Kd6 46. Rxd7+ Kxd7 47. Bxb6 Kc6 48. Ba5 Kb5 49. f5 Kxa5 50. f6 a3 51. f7 a2 52. f8Q Kb4 53. Qf1 Kb3 54. Qc1 c4 55. Kf3 c3 56. Ke2 1-0

[Event "Wch U20 41st"]
[Site "Goa"]
[Date "2002.12.10"]
[Round "2"]
[White "Dutta, Sayantan"]
[Black "Jagadish, Hd"]
[Result "1-0"]
[WhiteElo "2275"]
[BlackElo "2130"]
[PlyCount "117"]
[EventDate "2002.12.09"]
[EventType "swiss"]
[EventRounds "13"]
[EventCountry "IND"]
[SourceTitle "CBM 091 Extra"]
[Source "ChessBase"]
[SourceDate "2003.01.09"]
[SourceVersion "1"]
[SourceVersionDate "2003.01.09"]
[SourceQuality "1"]

1. e4 c5 2. Nf3 Nc6 3. Bb5 g6 4. 0-0 Bg7 5. Re1 Nf6 6. e5 Nd5 7. Nc3 Nc7 8. Bxc6 dxc6 9. Ne4 Ne6 10. d3 0-0 11. Be3 b6 12. Qd2 Nd4 13. Nxd4 cxd4 14. Bh6 c5 15. h4 Qc7 16. Bxg7 Kxg7 17. Qf4 Bb7 18. Nd2 Qc6 19. f3 Rad8 20. Re2 Qe6 21. b3 Bd5 22. Nf1 Qf5 23. Qd2 h6 24. Ng3 Qe6 25. Qf4 Rg8 26. Ree1 Rh8 27. Kf2 Rdg8 28. Qd2 Kf8 29. a3 Kg7 30. Re2 Qc6 31. Rh1 a5 32. Rc1 Qe6 33. Kg1 Ra8 34. a4 Qd7 35. Rf1 Rhb8 36. h5 e6 37. Kf2 Qe7 38. Rh1 Rh8 39. Ne4 Bxe4 40. Rxe4 Rag8 41. hxg6 fxg6 42. Rh3 g5 43. Ke2 Kf7 44. Kd1 Ke8 45. Kc1 h5 46. Kb2 Qf7 47. Rh1 Qf5 48. Rf1 Rf8 49. c3 dxc3+ 50. Qxc3 Ke7 51. Qc4 Rb8 52. Qa6 Rhd8 53. g4 hxg4 54. Qa7+ Kf8 55. Rh1 Kg8 56. Rh5 Ra8 57. Qe7 Re8 58. Rxg5+ Qxg5 59. Qxg5+ 1-0